| 000 | 01059cam a22002771 4500 | ||
|---|---|---|---|
| 001 | gs 60000172 | ||
| 003 | DLC | ||
| 005 | 20260227111409.0 | ||
| 008 | 771011s1959 dcuab b f000 0 eng | ||
| 010 | _ags 60000172 | ||
| 035 | _a(OCoLC)3332543 | ||
| 040 |
_aDLC _cOClU _dOCoLC _dDLC |
||
| 042 | _apremarc | ||
| 050 | 0 | 0 |
_aQE75 _b.B9 no. 1055 |
| 082 | _a553.493 | ||
| 110 | 2 | _aGeological Survey (U.S.) | |
| 245 | 1 | 0 |
_aUranium in coal in the Western United States. _cBased on the joint and individual work of Norman M. Denson [and others] |
| 260 |
_aWashington, _bU.S. Govt. Print. Off., _c1959. |
||
| 300 |
_a315 p. _billus., maps and portfolio (45 fold. plates (incl. maps,part col.)) _c23 cm. |
||
| 410 | 1 | 1 |
_aIts. _tBulletin _v1055 |
| 500 | _a"This report concerns work done on behalf of the U. S. Atomic Energy Commission and is published with the permission of the Commission." | ||
| 504 | _aIncludes bibliographies. | ||
| 650 | 0 |
_aUranium ores _zWest (U.S.) |
|
| 650 | 0 |
_aCoal _zWest (U.S.) |
|
| 700 | 1 |
_aDenson, N. M. _q(Norman MacLaren), _d1914- |
|
| 999 |
_c29432 _d29432 |
||